| 000 | 01089nam a2200337 i 4500 | ||
|---|---|---|---|
| 005 | 20210818182156.0 | ||
| 008 | 031016s2002 sp a br 000 jdspa d | ||
| 020 | _a848488032X | ||
| 040 |
_aCOMFC _bspa _erda |
||
| 041 | 1 |
_aspa _heng |
|
| 099 | _aC LEEB | ||
| 100 | 1 |
_aLee Gauch, Patricia _eaut |
|
| 245 | 1 | 0 |
_aBaila, Tanya _cPatricia Lee Gauch; ilustrado por Satomi Ichikawa ; adaptación Miguel Ángel Mendo |
| 250 | _aPrimera edición | ||
| 264 | 0 | 1 |
_aBarcelona _bSerres _c2002 |
| 300 |
_a[30] páginas sin numerar _bilustraciones en color _c24 cm |
||
| 336 |
_2rdacontent _atxt |
||
| 337 |
_2rdamedia _an |
||
| 338 |
_2rdacarrier _anc |
||
| 500 | _aContiene información biográfica de la autora | ||
| 534 | _tDance, Tanya | ||
| 700 | 1 |
_aIchikawa, Satomi _eill |
|
| 700 | 1 |
_aMendo, Miguel Ángel _d1949-, _eadp _950989 |
|
| 090 |
_aC _bLEEB |
||
| 650 | 1 | 4 | _aCUENTOS INFANTILES |
| 650 | 1 | 4 | _aLITERATURA INFANTIL |
| 650 | 1 | 4 | _aNIÑOS EN LA LITERATURA |
| 650 | 1 | 4 | _aDANZA EN LA LITERATURA |
| 650 | 1 | 4 | _aLIBROS ILUSTRADOS PARA NIÑOS |
| 942 |
_2ddc _hC LEEB _kC _mLEEB |
||
| 999 |
_c14731 _d14731 |
||